000 00305nam a22001337a 4500
008 171025b xxu||||| |||| 00| 0 eng d
020 _a9780801842658
041 _aeng
080 _a336.2
100 _a55
101 _aTAK
245 _aTAX POLICY ECONOMIC DEVELOPMENT
_cBIRD.R.M
942 _2udc
_cBK
999 _c35901
_d35901